5SOS SONGS (2020) - Statistics

General Stats
  • This quiz has been taken 45 times
  • The average score is 52 of 73
Answer Stats
ALBUM SONG % Correct
YOUNGBLOOD (2018) youngblood
97%
don't stop
93%
SELF TITLED (2014) she looks so perfect
93%
more
90%
CALM (2020) red desert
90%
teeth
90%
wildflower
90%
SOUNDS GOOD FEELS GOOD (2015) money
87%
no shame
87%
she's kinda hot
87%
want you back
87%
18
83%
amnesia
83%
castaway
83%
easier
83%
ghost of you
83%
good girls
83%
high
83%
jet black heart
83%
monster among men
83%
outer space / carry on
83%
valentine
83%
babylon
80%
hey everybody!
80%
long way home
80%
why won't you love me
80%
woke up in japan
80%
broken home
77%
empty wallets
77%
english love affair
77%
kiss me kiss me
77%
lie to me
77%
old me
77%
voodoo doll
77%
end up here
73%
heartbreak girl
73%
if walls could talk
73%
lonely heart
73%
lover of mine
73%
moving along
73%
talk fast
73%
the girl who cried wolf
73%
airplanes
70%
fly away
70%
invisible
70%
meet you there
70%
not in the same way
70%
vapor
70%
best friend
67%
best years
67%
catch fire
67%
everything i didn't say
67%
mrs all american
67%
thin white lies
67%
waste the night
67%
better man
63%
safety pin
63%
san francisco
63%
kill my time
60%
lost boy
60%
never be
60%
permanent vacation
60%
beside you
57%
out of my limit
50%
social casualty
50%
story of another us
50%
greenlight
47%
midnight
47%
independence day
43%
tomorrow never dies
43%
the space between a rock and a hard place
40%
when you walk away
37%
close as strangers
33%
No matching quizzes found
Score Distribution
Percent of People with Each Score
Percentile by Number Answered
Your Score History
You have not taken this quiz